| 000 | 00665nam a2200193Ii 4500 | ||
|---|---|---|---|
| 003 | JO-AjNU | ||
| 008 | 230605s9999||||xx |||||||||||||| ||und|| | ||
| 040 |
_aJO-AjNU _bara _erda _cJO-AjNU |
||
| 041 | _aara | ||
| 050 | 1 | 4 | _aTH79000.B2 1978 |
| 100 | 3 |
_aبدران ،ابراهيم، م مشارك اديت اونك, _eauthor _952217 |
|
| 245 | 0 | 0 | _aالتوصيات العامة للانارة |
| 264 | 3 | 1 | _aعمان :نقابة المهندسين ،1978 |
| 300 | _a278ص | ||
| 336 |
_atext _btxt _2rdacontent |
||
| 337 |
_aunmediated _bn _2rdamedia |
||
| 338 |
_avolume _bnc _2rdacarrier |
||
| 650 | 4 |
_aالاضاءة الكهربائية - توصيات _952218 |
|
| 999 |
_aA23118 _c26686 _d26686 |
||